000 00982nam0a22002411 4500
001 rc\2790131
005 20250529170725.0
035 _a(NLR Aleph) 006916256
090 _a7399220
_c7399220
100 _a20110915d1935 |||y0rusy50 ca
101 0 _arus
102 _aRU
105 _ac z |||h|
200 1 _aВнешняя торговля Советского союза
_eРечь на VII съезде советов СССР
_fА. П. Розенгольц, нар. ком. внеш. торг. СССР
210 _a[Ленинград]
_cЛеноблиздат
_d1935
_gтип. "Коминтерн"
215 _aОбл., 14, [2] с., 1 вкл. л. портр.
_d18х13 см.
700 1 _4720
_aРозенгольц
_bА. П.
_cгос. и воен. деятель
_f1889-1938
_gАркадий Павлович
_9172821
_3RU\NLR\AUTH\770172872
801 0 _aRU
_bNLR
_gpsbo
801 1 _aRU
_bELAR
_2rusmarc
852 _aNLR
_j34-9/7312
942 _cBOOK
980 _aNB